| 000 | 00788cam a22002531 4500 | ||
|---|---|---|---|
| 001 | 7413 | ||
| 003 | BD-RjUL | ||
| 005 | 20211208234418.0 | ||
| 008 | 150114s1957 nyua 000 0 eng | ||
| 035 | _a(BD-RjUL)7456 | ||
| 040 |
_aDLC/ICU _cICU _dDLC _dBD-RjUL _beng |
||
| 041 | _aeng | ||
| 082 | 0 | 0 |
_223 _a515.45 _bTRI 1957 |
| 100 | 1 |
_aTricomi, F. G. _q(Francesco Giacomo), _d1897-1978. _919835 |
|
| 245 | 0 | 0 |
_aIntegral equations / _cF G Tricomi. |
| 260 |
_aNew York, _bInterscience Publishers, _c1957. |
||
| 300 |
_a238 p. : _billus. ; _c24 cm. |
||
| 490 | 1 |
_aPure and applied mathematics, _vv. 5 |
|
| 650 | 0 |
_aIntegral equations. _919900 |
|
| 830 | 0 |
_aPure and applied mathematics (Interscience Publishers) ; _9152642 |
|
| 830 | 0 |
_av. 5. _9208195 |
|
| 942 |
_2ddc _cBK |
||
| 999 |
_c7413 _d7413 |
||